Five Most Guessed Countries by Language - Statistics

General Stats
  • This quiz has been taken 423 times
  • The average score is 12 of 16
Answer Stats
Countries % Correct
United States
100%
France
93%
Canada
92%
Japan
92%
Mexico
91%
China
86%
Egypt
83%
Brazil
79%
Iraq
78%
Argentina
77%
Russia
74%
Italy
63%
Libya
58%
Tunisia
50%
Jordan
43%
Bahrain
21%
No matching quizzes found
Score Distribution
Percent of People with Each Score
Percentile by Number Answered
Your Score History
You have not taken this quiz